| 000 | 01084nam a2200301 i 4500 | ||
|---|---|---|---|
| 001 | 000029586 | ||
| 003 | DO-SdBNP | ||
| 005 | 20240305122521.0 | ||
| 007 | ta | ||
| 008 | 110419s2002 dr a 000 0 spa d | ||
| 040 |
_aDO-SdBNP _bspa _cBNPHU _erda |
||
| 082 | 4 |
_a759.7293 _bU42p _222 |
|
| 100 | 1 |
_aUlloa, Alberto, _d1950-2011 _958552 |
|
| 245 | 1 | 0 |
_aPlegaria a Jóse Francisco Peña Gómez antorcha de nuestra conciencia / _cAlberto Ulloa. |
| 264 |
_aSanto Domingo : _bSecretaría de Estado de Cultura : _bMuseo de las Casas Reales, _c2002. |
||
| 300 |
_a16 páginas: _bilustraciones ; _c21 cm. |
||
| 336 |
_2rdacontent _atexto _btxt |
||
| 337 |
_2rdamedia _asin mediación _bn |
||
| 338 |
_2rdacarrier _avolumen _bnc |
||
| 490 | 0 | _aCEMI Arte Latinoamericano | |
| 500 | _aIncluye bibliografía y notas al pie de las páginas. | ||
| 590 | _aInventariado, 2018/LP | ||
| 650 | 4 |
_aPintores dominicanos _911660 |
|
| 650 | 4 |
_aArte dominicano _xExposiciones _954101 |
|
| 650 | 4 |
_aPintura dominicana _xExposiciones _955174 |
|
| 910 | _aValidado. Control de calidad EMS | ||
| 942 |
_2ddc _cLF2 |
||
| 999 |
_c29078 _d29078 |
||